=LDR 00000nam 2200000 4500 =001 INLIS000000000044502 =005 20131008105942 =008 ***********************************ing** =035 ##$$a0010-101300000002424 =041 ##$$a ing =082 ##$$a 301.2 =090 ##$$a 301.2, Holt c =100 ##$$a Holt, Claire =245 ##$$a Culture And Politics in Indonesia, By. Claire Holt =260 ##$$a 1977 $b London =300 ##$$a xiv, 348, 25 cm =650 ##$$a Culture =850 ##$$a NBPNMAT =990 ##$$a 21400613/BPAP-NTB/20142014